000 00282nam a22001337a 4500
008 170628b xxu||||| |||| 00| 0 eng d
020 _a9780130547996
041 _aeng
080 _a82
100 _a21
101 _aGJL
245 _aLITERATURE
_cPRENTICE HALL
942 _2udc
_cBK
999 _c19355
_d19355